<?xml version="1.0" encoding="UTF-8"?>
<record
    xmlns:xsi="http://www.w3.org/2001/XMLSchema-instance"
    xsi:schemaLocation="http://www.loc.gov/MARC21/slim http://www.loc.gov/standards/marcxml/schema/MARC21slim.xsd"
    xmlns="http://www.loc.gov/MARC21/slim">

  <leader>03264nam a2200397 i 4500</leader>
  <controlfield tag="001">2414</controlfield>
  <controlfield tag="003">gttocutb</controlfield>
  <controlfield tag="005">20251023180915.0</controlfield>
  <controlfield tag="007">ta</controlfield>
  <controlfield tag="008">251023b2017    ag d||||r|||| 001 0 spa d</controlfield>
  <datafield tag="020" ind1=" " ind2=" ">
    <subfield code="a">9789507434051</subfield>
  </datafield>
  <datafield tag="040" ind1=" " ind2=" ">
    <subfield code="a">gttocutb</subfield>
    <subfield code="b">spa</subfield>
    <subfield code="c">gttocutb</subfield>
    <subfield code="d">gttocutb</subfield>
    <subfield code="e">rda</subfield>
  </datafield>
  <datafield tag="082" ind1="0" ind2="4">
    <subfield code="a">364 G216:8</subfield>
  </datafield>
  <datafield tag="100" ind1="1" ind2=" ">
    <subfield code="a">Garc&#xED;a-Pablos de Molina, Antonio,</subfield>
    <subfield code="e">autor.</subfield>
  </datafield>
  <datafield tag="245" ind1="1" ind2=" ">
    <subfield code="a">Criminolog&#xED;a: una introducci&#xF3;n a sus fundamentos te&#xF3;ricos /</subfield>
    <subfield code="c">Antonio Garc&#xED;a-Pablos de Molina</subfield>
  </datafield>
  <datafield tag="250" ind1=" " ind2=" ">
    <subfield code="a">8a.</subfield>
  </datafield>
  <datafield tag="264" ind1="1" ind2=" ">
    <subfield code="a">Buenos Aires, Argentina : </subfield>
    <subfield code="b">Valleta Ediciones, </subfield>
    <subfield code="c">2017.</subfield>
  </datafield>
  <datafield tag="264" ind1="1" ind2=" ">
    <subfield code="c">&#xA9;2017</subfield>
  </datafield>
  <datafield tag="300" ind1="1" ind2=" ">
    <subfield code="a">739 p&#xE1;ginas :</subfield>
    <subfield code="b">gr&#xE1;ficas en blanco y negro, </subfield>
    <subfield code="c">23 cm.</subfield>
  </datafield>
  <datafield tag="336" ind1=" " ind2=" ">
    <subfield code="2">rdacontenido</subfield>
    <subfield code="a">texto</subfield>
    <subfield code="b">txt</subfield>
  </datafield>
  <datafield tag="337" ind1=" " ind2=" ">
    <subfield code="2">rdamedio</subfield>
    <subfield code="a">sin mediaci&#xF3;n</subfield>
    <subfield code="b">n</subfield>
  </datafield>
  <datafield tag="338" ind1=" " ind2=" ">
    <subfield code="2">rdasoporte</subfield>
    <subfield code="a">volumen</subfield>
    <subfield code="b">nc</subfield>
  </datafield>
  <datafield tag="505" ind1="0" ind2="0">
    <subfield code="g">Indice:</subfield>
  </datafield>
  <datafield tag="505" ind1="0" ind2="0">
    <subfield code="g">1. La criminolog&#xED;a como ciencia emp&#xED;rica e interdisciplinaria, concepto, m&#xE9;todo, objeto, sistema y funciones de la criminolog&#xED;a. --</subfield>
  </datafield>
  <datafield tag="505" ind1="0" ind2=" ">
    <subfield code="t">2. Historia del pensamiento criminol&#xF3;gico, la consolidaci&#xF3;n de la criminolog&#xED;a como ciencia: la lucha de escuelas y las diversas teor&#xED;as de la criminalidad. --</subfield>
  </datafield>
  <datafield tag="505" ind1="0" ind2=" ">
    <subfield code="t">3. La moderna criminolog&#xED;a -cient&#xED;fica- y los diversos modelos te&#xF3;ricos, biolog&#xED;a criminal, psicolog&#xED;a criminal y sociolog&#xED;a criminal. --</subfield>
  </datafield>
  <datafield tag="505" ind1="0" ind2=" ">
    <subfield code="t">4. La prevenci&#xF3;n del crimen en el estado social y democr&#xE1;tico de derecho. --</subfield>
  </datafield>
  <datafield tag="505" ind1="0" ind2=" ">
    <subfield code="t">5. An&#xE1;lisis criminol&#xF3;gico de los diversos modelos y sistemas de reacci&#xF3;n al delito. --</subfield>
  </datafield>
  <datafield tag="520" ind1=" " ind2=" ">
    <subfield code="a">Es, sin duda, un motivo de satisfacci&#xF3;n que ya penalistas de diversos pa&#xED;ses persigan los mismos objetivos de esta obra, esto es, mejorar las relaciones entre el mundo de las &#xAB;togas negras&#xBB; del Derecho y el de las &#xAB;batas blancas&#xBB; de la Ciencia, asumiendo la necesidad de compatibilizar la pretensi&#xF3;n punitiva del Estado, que nace del delito (castigo &#xAB;justo y merecido&#xBB;, tema del idealismo alem&#xE1;n) con la reparaci&#xF3;n del da&#xF1;o ocasionado a la v&#xED;ctima y a la sociedad, la rehabilitaci&#xF3;n &#x2013;en la medida de lo posible&#x2013; del infractor, y la pacificaci&#xF3;n de las relaciones sociales heridas por el delito.

La problem&#xE1;tica de la v&#xED;ctima, siempre rica y actual, merece una atenci&#xF3;n prioritaria en esta nueva edici&#xF3;n. Para comenzar, se subraya en la misma el significado de dos conceptos novedosos pero muy importantes: los de &#xAB;resilencia&#xBB; y &#xAB;victimagogia&#xBB;.

Con el primero &#x2013;&#xAB;resilencia&#xBB;&#x2013; se hace alusi&#xF3;n a una actitud positiva, constructiva, de la v&#xED;ctima para abordar y asumir la realidad del suceso traum&#xE1;tico de la victimizaci&#xF3;n, con entereza, evitando que &#xE9;ste se consolide y cronifique, se perpet&#xFA;e. Con el de &#xAB;victimagogia&#xBB;, se llama la atenci&#xF3;n y se denuncia cierto discurso pol&#xED;tico manipulador populista que utiliza el sufrimiento de la v&#xED;ctima y las expectativas de &#xE9;sta al servicio de la restricci&#xF3;n de los derechos y libertades ciudadanas, y del denominado &#xAB;encarnizamiento punitivo&#xBB;.(www.librotecnia.cl)</subfield>
  </datafield>
  <datafield tag="521" ind1=" " ind2=" ">
    <subfield code="a">Recomendado para estudiantes y profesores de Derecho</subfield>
  </datafield>
  <datafield tag="650" ind1="1" ind2="4">
    <subfield code="2">LEMB</subfield>
    <subfield code="a">Criminolog&#xED;a</subfield>
  </datafield>
  <datafield tag="650" ind1="1" ind2="4">
    <subfield code="2">LEMB</subfield>
    <subfield code="a">Historia de la criminolog&#xED;a.</subfield>
  </datafield>
  <datafield tag="650" ind1="1" ind2="4">
    <subfield code="2">LEMB</subfield>
    <subfield code="a">Criminolog&#xED;a, ciencia.</subfield>
  </datafield>
  <datafield tag="650" ind1="1" ind2="4">
    <subfield code="2">LEMB</subfield>
    <subfield code="a">Prevenci&#xF3;n del crimen y el delito.</subfield>
  </datafield>
  <datafield tag="942" ind1=" " ind2=" ">
    <subfield code="2">ddc</subfield>
    <subfield code="c">BK</subfield>
    <subfield code="n">0</subfield>
    <subfield code="e">8a.</subfield>
  </datafield>
  <datafield tag="999" ind1=" " ind2=" ">
    <subfield code="c">2414</subfield>
    <subfield code="d">2414</subfield>
  </datafield>
  <datafield tag="952" ind1=" " ind2=" ">
    <subfield code="0">0</subfield>
    <subfield code="1">0</subfield>
    <subfield code="2">ddc</subfield>
    <subfield code="4">0</subfield>
    <subfield code="7">0</subfield>
    <subfield code="8">gn</subfield>
    <subfield code="a">BICUNTOTO</subfield>
    <subfield code="b">BICUNTOTO</subfield>
    <subfield code="c">GEN</subfield>
    <subfield code="d">2019-11-12</subfield>
    <subfield code="e">Compra directa</subfield>
    <subfield code="f">811-1441</subfield>
    <subfield code="i">53-H-3295-2019</subfield>
    <subfield code="l">0</subfield>
    <subfield code="o">364 G216:8</subfield>
    <subfield code="p">9789507434051</subfield>
    <subfield code="r">2025-10-23 15:45:00</subfield>
    <subfield code="w">2025-10-23</subfield>
    <subfield code="y">BK</subfield>
  </datafield>
  <datafield tag="952" ind1=" " ind2=" ">
    <subfield code="0">0</subfield>
    <subfield code="1">0</subfield>
    <subfield code="2">ddc</subfield>
    <subfield code="4">0</subfield>
    <subfield code="7">0</subfield>
    <subfield code="8">gn</subfield>
    <subfield code="a">BICUNTOTO</subfield>
    <subfield code="b">BICUNTOTO</subfield>
    <subfield code="c">GEN</subfield>
    <subfield code="d">2019-11-12</subfield>
    <subfield code="e">Compra directa</subfield>
    <subfield code="f">812-1442</subfield>
    <subfield code="i">53-H-3296-2019</subfield>
    <subfield code="l">0</subfield>
    <subfield code="o">364 G216:8 c1</subfield>
    <subfield code="r">2025-10-23 15:45:00</subfield>
    <subfield code="w">2025-10-23</subfield>
    <subfield code="y">BK</subfield>
  </datafield>
  <datafield tag="952" ind1=" " ind2=" ">
    <subfield code="0">0</subfield>
    <subfield code="1">0</subfield>
    <subfield code="2">ddc</subfield>
    <subfield code="4">0</subfield>
    <subfield code="7">0</subfield>
    <subfield code="8">gn</subfield>
    <subfield code="a">BICUNTOTO</subfield>
    <subfield code="b">BICUNTOTO</subfield>
    <subfield code="c">GEN</subfield>
    <subfield code="d">2019-11-12</subfield>
    <subfield code="e">Compra directa</subfield>
    <subfield code="f">813-1443</subfield>
    <subfield code="i">53-H-3297-2019</subfield>
    <subfield code="l">0</subfield>
    <subfield code="o">364 G216:8 c2</subfield>
    <subfield code="r">2025-10-23 15:45:00</subfield>
    <subfield code="w">2025-10-23</subfield>
    <subfield code="y">BK</subfield>
  </datafield>
</record>
